Państwa Oceanii - Statystyki

Ogólne statystyki
  • Ten quiz został rozwiązany 287 razy
  • Średni wynik to 12 z 14
Odpowiedzi na mapie
Odpowiedzi zakodowano w zielono-czerwonej skali na mapie do tego quizu, zgodnie z poniższymi procentami.
 
Statystyki odpowiedzi
Kraj % Poprawnych
Australia
97%
Nowa Zelandia
96%
Papua-Nowa Gwinea
92%
Wyspy Marshalla
88%
Wyspy Salomona
87%
Mikronezja
86%
Kiribati
84%
Palau
82%
Tuvalu
82%
Fidżi
81%
Nauru
80%
Vanuatu
80%
Tonga
79%
Samoa
77%
Nie znaleziono quizów pasujących do podanych kryteriów
Rozkład punktacji
Procent ludzi z każdym wynikiem
Percentyl według liczby udzielonych odpowiedzi
Twoja historia wyników
Nie rozwiązałeś tego quizu